Normal view
MARC view
- Facts on File science library
Entry Uniform Title
001 - CONTROL NUMBER
- control field: 408
003 - CONTROL NUMBER IDENTIFIER
- control field: NUST
005 - DATE AND TIME OF LATEST TRANSACTION
- control field: 20170511113954.0
008 - FIXED-LENGTH DATA ELEMENTS
- fixed length control field: 170511|| aca||aabn | a|a d
040 ## - CATALOGING SOURCE
- Original cataloging agency: NUST
- Transcribing agency: NUST
130 ## - HEADING--UNIFORM TITLE
- Uniform title: Facts on File science library
670 ## - SOURCE DATA FOUND
- Source citation: Work cat.: (NUST)0: Rice, Stanley A., 1957- 407, Encyclopedia of evolution /, c2007.
